000 01253nam a2200277 a 4500
003 BD-DhJNU
005 20251120045802.0
008 251108s2018 bg |||g |||| 000 1|ben|d
020 _a9789848796474
040 _aBD-DhJNU
_bben
_cBD-DhJNU
_dBD-DhJNU
041 _aben
082 _a305.420954 MUC
_223
100 _aমুরশিদ, গোলাম
242 1 0 _aA century of women's progress :
_bfrom Rasasundari to Rokeya /
_cGhulam Murshid
245 1 0 _aনারীপ্রগতির একশো বছর :
_bরাসসুন্দরী থেকে রোকেয়া /
_cগোলাম মুরশিদ
246 _aNaripragatir eksho bochor: rassundori theke rokeya
250 _a2nd ed.
260 _aঢাকা :
_bঅবসর প্রকাশনা সংস্থা,
_c2018.
300 _a২১৬ পৃ. :
_bচিত্র ;
_c২১ সেমি.।
504 _aগ্রন্থপঞ্জিগত নির্দেশিকা ও নিঘন্ট অন্তভূক্ত
650 _aনারীপ্রগতি
650 _aWomen’s progress
650 _aBengali women’s history
650 _aবাংলার নারীর ইতিহাস
942 _cBK
_2ddc
999 _c2392
_d2392